000 01531cam a2200313 a 4500
001 17384871
003 ARRUPE
005 20140903020007.0
008 120713s2012 mdu b 001 0 eng
010 _a 2012028670
020 _a9780742570603 (cloth : alk. paper)
020 _a9780742570610 (pbk. : alk. paper)
020 _a9780742570627 (ebook : alk. paper)
040 _aDLC
_cDLC
_dDLC
042 _apcc
050 0 0 _aGV706
_b.R4395 2012
082 0 0 _a796.01
_223
100 1 _aReid, Heather Lynne,
_d1963-
_99951
245 1 0 _aIntroduction to the philosophy of sport /
_cHeather Reid.
260 _aLanham, Md. :
_bRowman & Littlefield Publishers,
_cc2012.
300 _axiii, 251 p. ;
_c24 cm.
490 0 _aElements of philosophy
504 _aIncludes bibliographical references (p. 235-245) and index.
505 0 _aIntroduction: why study the philosophy of sport? -- The ancient hellenic heritage -- The modern olympic revival -- Sport and play -- Sport and games -- Sport and social practices -- Sport and art -- Mind and body -- Consequentialism and play -- Deontology and fairness -- Virtues and vices -- Ethical spectacle -- Sport and education -- Sport and social categories -- Sport and political ideals -- Sport and globalization -- Conclusion: ten intrinsic values of sport.
650 0 _aSports
_xPhilosophy.
_99952
906 _a7
_bcbc
_corignew
_d1
_eecip
_f20
_gy-gencatlg
942 _2lcc
_cMONOGRAPH
_01
999 _c120431
_d120431